[Event "Karnataka State Open-ch 2018"]
[Site "Bengaluru"]
[Date "2018.04.16"]
[Round "5"]
[White "Pavan C"]
[Black "Santoshkashyap, Hg"]
[Result "0-1"]
[WhiteElo "1622"]
[BlackElo "1929"]
[Annotator "NA"]
[PlyCount "122"]
[EventDate "2018.??.??"]
[EventType "swiss"]
[EventCountry "IND"]
[SourceTitle "playchess.com"]
[Source "ChessBase"]
[SourceQuality "1"]
[TimeControl "5400+30"]

{[%evp 26,104,-47,-63,-43,-93,-114,-126,-99,32767,32767,-124,32767,-222,32767,-331,-375,-375,-400,32767,-52,32767,32767,32767,32767,32767,32767,-52,32767,-159,32767,32767,32767,32767,32767,32767,-117,-125,-134,-171,-162,-166,-206,-153,-192,-239,-256,32767,32767,32767,32767,32767,-336,-258,-264,-320,-376,-389,-343,-356,-394,-338,-616,-525,-452,-375,-241,-279,-240,-456,-208,-347,-596,-683,-631,-482,0,32767,32767,-12840,-12842]} 1. d4 {[%emt 0:00:00]} Nf6 {[%emt 0:00:17]} 2. e3 {[%emt 0:00:00]} d5 {[%emt 0:00:14]} 3. Bd3 {[%emt 0:00:00]} c5 {[%emt 0:01:28]} 4. b3 {[%emt 0:04:34] D00: 1 d4 d5: Unusual lines} Nc6 {[%emt 0:00:53]} 5. Bb2 {[%emt 0:01:11]} cxd4 {[%emt 0:03:14]} 6. exd4 {[%emt 0:01:33]} Bg4 {[%emt 0:00:14]} 7. Be2 $146 {[%emt 0:02:13]} ({Predecessor:} 7. Nf3 e6 8. O-O Bd6 9. Nbd2 O-O 10. c4 e5 11. dxe5 Bxe5 12. Bxe5 Nxe5 13. Be2 Bxf3 14. Nxf3 Nxf3+ 15. Bxf3 dxc4 16. bxc4 Qc7 17. Qb3 {½-½ (30) Vovinkina,N (2437)-Atnilov,B (2119) Haifa 2008}) 7... Bxe2 {[%emt 0:06:11]} 8. Nxe2 {[%emt 0:01:36]} e6 {[%emt 0:00:06]} 9. Nd2 {[%emt 0:02:54]} Bd6 {[%emt 0:00:39]} 10. a3 {[%emt 0:08:13]} Qc7 {[%emt 0:08:39]} 11. h3 {[%emt 0:01:29]} O-O {[%emt 0:06:06]} 12. O-O {[%emt 0:00:15]} b5 {[%emt 0:03:26]} 13. c4 {[%emt 0:09:09]} bxc4 {[%emt 0:05:24]} 14. bxc4 {[%emt 0:00:13]} Rab8 {[%emt 0:00:10]} 15. Qc2 {[%emt 0:02:40]} dxc4 {[%emt 0:04:34]} 16. Bc3 {[%emt 0:06:04]} Ne7 {[%emt 0:04:07]} 17. Qa4 {[%emt 0:00:45]} Rfc8 {[%emt 0:02:17]} 18. Rfc1 {[%emt 0:02:41]} Qc6 {[%emt 0:02:09]} 19. Qc2 (19. Qxc6 $17 {only move.} Rxc6 20. Bb4) 19... Ned5 {[%emt 0:00:24]} 20. g4 {[%emt 0:04:15]} (20. Bb4 {was called for.}) 20... h6 {[%emt 0:04:37]} 21. Ba5 {[%emt 0:06:39]} Bf4 {[%emt 0:04:14]} 22. Qxc4 {[%emt 0:04:44]} Qb5 $2 {[%emt 0:00:06]} (22... Qxc4 $19 23. Nxc4 Bxc1 24. Rxc1 Rc6) 23. Qxb5 Rxc1+ {[%emt 0:00:06]} 24. Rxc1 {[%emt 0:05:22]} Rxb5 {[%emt 0:00:04]} 25. Rc8+ {[%emt 0:00:30]} Kh7 {[%emt 0:04:34]} 26. Nc4 $1 {[%emt 0:04:09]} Ne4 {[%emt 0:00:41]} 27. Kg2 {[%emt 0:02:35]} ({White should play} 27. Bb4 $15) 27... Nd6 {[%emt 0:00:06]} 28. Nxd6 {[%emt 0:05:08]} Bxd6 {[%emt 0:01:16]} 29. Be1 Bxa3 30. Nc3 {[%emt 0:03:05]} Nxc3 {[%emt 0:01:10]} 31. Bxc3 {[%emt 0:00:07] [#]} a5 $1 {[%emt 0:00:18]} 32. Kf3 {[%emt 0:01:31]} Bb4 {[%emt 0:06:12]} 33. Ke4 {[%emt 0:01:47]} Bxc3 {[%emt 0:00:15]} 34. Rxc3 {[%emt 0:00:10] [#]} a4 $1 {[%emt 0:12:24]} 35. Rc5 {[%emt 0:15:59]} (35. Ra3 $142) 35... Rxc5 {[%emt 0:17:53]} 36. dxc5 {[%emt 0:00:10]} a3 {[%emt 0:00:03]} 37. c6 {[%emt 0:00:21]} a2 {[%emt 0:00:05]} 38. c7 {[%emt 0:00:03]} a1=Q {[%emt 0:00:14]} 39. c8=Q {[%emt 0:00:06]} Qh1+ {[%emt 0:00:04]} 40. Kf4 {[%emt 0:01:33]} Qxh3 {[%emt 0:00:14]} 41. Qc2+ {[%emt 0:01:23]} g6 {[%emt 0:01:29]} 42. f3 {[%emt 0:00:19]} Qh4 {[%emt 0:01:07]} 43. Ke3 {[%emt 0:00:36]} Qe1+ {[%emt 0:00:17]} 44. Kd3 {[%emt 0:00:38]} Qe5 {[%emt 0:00:33]} 45. Qa4 {[%emt 0:00:38]} g5 {[%emt 0:01:02]} (45... h5 $142 46. gxh5 gxh5) 46. Qe8 {[%emt 0:01:32]} Kg7 {[%emt 0:00:11]} 47. Qa4 {[%emt 0:00:40] [#]} (47. Qc8 {was necessary.}) 47... Qf4 {[%emt 0:01:28]} (47... h5 $142 $1 48. gxh5 Kh6) 48. Qa1+ {[%emt 0:01:36]} e5 {[%emt 0:00:04]} 49. Ke2 {[%emt 0:00:22] [#]} Qd4 {[%emt 0:07:57]} (49... h5 $142 $1 50. gxh5 g4 51. fxg4 Qxg4+ 52. Ke3 Qxh5) 50. Qa8 {[%emt 0:00:10]} Qf4 $2 {[%emt 0:01:30]} (50... Qc4+ $19 51. Ke3 {[#]} h5 $1 {[%mdl 512]} 52. gxh5 g4 53. h6+ Kh7 54. fxg4 Qd4+ 55. Ke2 Qxg4+ 56. Ke1 Qb4+ 57. Ke2 Kxh6 58. Qh8+ Kg6 59. Qg8+ Kf6 60. Qd8+ Kf5 61. Qd7+ Kf6 62. Qd8+ Kf5 63. Qd7+ Kg6) 51. Qd5 {[%emt 0:01:20] [#]} e4 $1 {[%emt 0:01:11]} 52. Qd4+ {[%emt 0:02:25]} Kh7 $19 {[%emt 0:00:09]} 53. fxe4 {[%emt 0:00:53]} Qxg4+ {[%emt 0:00:06]} 54. Kf2 {[%emt 0:00:35]} Qf4+ {[%emt 0:00:39]} 55. Kg2 {[%emt 0:00:43]} g4 {[%emt 0:00:08]} 56. Qd3 {[%emt 0:00:17]} Qf3+ {[%emt 0:00:20]} 57. Qxf3 {[%emt 0:00:04]} gxf3+ {[%emt 0:00:05]} 58. Kxf3 {[%emt 0:00:06]} Kg6 {[%emt 0:00:08]} 59. Kg4 {[%emt 0:00:09]} Kf6 {[%emt 0:00:11]} 60. Kh5 {[%emt 0:00:13]} Ke5 {[%emt 0:00:04]} 61. Kxh6 {[%emt 0:00:04]} Kxe4 0-1

[Event "Karnataka State Open-ch 2018"]
[Site "Bengaluru"]
[Date "2018.04.17"]
[Round "7"]
[White "Stany, G.A"]
[Black "Santoshkashyap, Hg"]
[Result "1-0"]
[WhiteElo "2493"]
[BlackElo "1929"]
[Annotator "TA"]
[PlyCount "47"]
[EventDate "2018.??.??"]
[EventType "swiss"]
[EventCountry "IND"]
[SourceTitle "playchess.com"]
[Source "ChessBase"]
[SourceQuality "1"]

{[%evp 14,47,-21,-12,1,-24,19,14,25,52,71,75,60,67,56,50,117,125,123,60,95,76,119,69,79,66,130,105,216,203,328,363,373,368,321,317]} 1. f4 d5 2. Nf3 Nf6 3. g3 g6 4. Bg2 Bg7 5. O-O O-O 6. d3 c5 7. c3 Nc6 8. Na3 {LiveBook: 102 Games} h6 {A03: Bird's Opening with 1...d5} (8... Re8 9. Nh4 b6 10. e4 dxe4 11. Qa4 Qxd3 12. Qxc6 Bd7 13. Qc7 Ng4 14. Re1 Bd4+ 15. cxd4 Qxd4+ 16. Be3 Nxe3 {1-0 (58) Carlsen,M (2837)-Adams,M (2715) London 2017}) 9. Nc2 $146 ({Find the theoretical novelty and annotate with similar games:} 9. Qe1 Be6 10. e4 dxe4 11. dxe4 Qc8 12. e5 Nd5 13. Nd2 b6 14. Nc2 Rb8 15. Ne3 Nxe3 16. Qxe3 {½-½ (56) Londyn,R (2280)-Hrbolka,L (2207) Czechia 2003}) 9... d4 10. e4 {[%cal Be2e4,Be4e5][%mdl 32]} dxc3 {The position is equal.} 11. bxc3 c4 12. e5 $1 {[%cal Re5f6]} Nd5 13. dxc4 Nxc3 14. Qe1 Qd3 {[#]} (14... Na4 $1 $14) 15. Rf2 $1 $16 {And now Bf1 would win.} Na4 ({Wrong is} 15... Qxc4 $2 16. Ne3 $18) 16. Ba3 (16. Be3 $16) 16... Bf5 17. Bf1 $36 {[%mdl 2048] White is on the roll.} Qc3 18. Qxc3 (18. Nfd4 {NOTEXT} Rfc8 19. Nxf5 gxf5 20. Qc1 Rc7 21. Rb1) 18... Nxc3 19. Ncd4 Nxd4 ({Black should play} 19... Rfc8 $14) 20. Nxd4 Rfe8 {[#]} (20... Bg4 $16 {was necessary.}) 21. Rc1 $1 $18 Na4 (21... Ne4 {is a better defense.}) 22. Nxf5 gxf5 23. c5 a6 24. Bg2 {Precision: White = 72%, Black = 18%.} 1-0

[Event "Karnataka State Open-ch 2018"]
[Site "Bengaluru"]
[Date "2018.04.17"]
[Round "7"]
[White "Sanjay, N."]
[Black "Sudarshan Bhat"]
[Result "1-0"]
[WhiteElo "2346"]
[BlackElo "1892"]
[Annotator "TA"]
[PlyCount "69"]
[EventDate "2018.??.??"]
[EventType "swiss"]
[EventCountry "IND"]
[SourceTitle "playchess.com"]
[Source "ChessBase"]
[SourceQuality "1"]

{[%evp 26,69,20,17,22,10,55,44,48,56,91,27,21,23,32,42,47,15,21,9,52,33,68,64,80,79,81,87,85,75,94,94,94,94,94,94,124,94,89,87,79,79,889,892,913,897]} 1. Nf3 Nf6 2. c4 e6 3. g3 d5 4. Bg2 Be7 5. O-O O-O 6. d4 c6 7. Qc2 b6 8. Nbd2 Bb7 9. e4 Na6 {[%cal Bb8a6,Ba6c7,Bc7e6][%mdl 32]} 10. a3 {E06: Closed Catalan: Early deviations} c5 11. cxd5 (11. exd5 exd5 12. dxc5 Nxc5 13. b4 Ne6 14. cxd5 Bxd5 15. Bb2 Rc8 16. Qf5 g6 17. Qe5 Qc7 {½-½ (37) Gupta,A (2610)-Lenic,L (2662) chess.com INT 2018}) 11... exd5 12. e5 Nd7 13. Re1 Nc7 14. Nf1 {[%cal Bd2f1,Bf1e3,Be3f5][%mdl 32] LiveBook: 4 Games} Ne6 15. Ne3 cxd4 {Threatens to win with ...Rc8.} 16. Nf5 Rc8 17. Qd1 Ndc5 {[#]} 18. N3xd4 (18. b4 $1 $16) 18... Nxd4 $11 19. Nxd4 {[#]} Qd7 $146 20. Be3 Ba6 {With the idea ...Nd3.} 21. Qh5 g6 22. Qh6 Rfd8 23. Rad1 Bf8 24. Qh4 Be7 {[#]} 25. Bg5 $1 {[%cal Rg5e7]} Bxg5 26. Qxg5 Ne6 27. Qh6 Rc4 28. Bh3 Qe7 29. Bxe6 $1 fxe6 30. h4 Rf8 31. Qe3 Qf7 32. Kg2 Bb7 33. f3 Rc2+ $2 {[%mdl 8192]} (33... Bc6 $16) 34. Nxc2 $18 d4 35. Nxd4 {Precision: White = 67%, Black = 38%.} 1-0

[Event "Karnataka State Open-ch 2018"]
[Site "Bengaluru"]
[Date "2018.04.17"]
[Round "7"]
[White "Yashas, D."]
[Black "Thejkumar, M. S"]
[Result "1-0"]
[WhiteElo "2243"]
[BlackElo "2493"]
[Annotator "TA"]
[PlyCount "87"]
[EventDate "2018.??.??"]
[EventType "swiss"]
[EventCountry "IND"]
[SourceTitle "playchess.com"]
[Source "ChessBase"]
[SourceQuality "1"]

{[%evp 15,87,27,33,0,6,0,14,20,36,36,30,11,20,15,19,20,29,0,31,0,13,-12,6,22,38,40,22,10,6,-25,24,9,25,33,27,16,44,41,43,35,45,64,135,23,180,173,191,104,81,0,-2,-16,0,0,0,0,43,51,89,97,100,97,98,81,104,15,92,93,126,0,876,0,103,0]} 1. Nf3 d5 2. g3 Nf6 3. Bg2 Bf5 4. d3 e6 5. O-O c6 6. b3 Nbd7 7. Bb2 Bd6 8. Nbd2 O-O 9. Qe1 {Black must now prevent e4. A07: Réti Opening: New York and Capablanca Systems} (9. c4 Re8 10. Rc1 h6 11. Re1 Bh7 12. Qc2 a5 13. cxd5 exd5 14. Qb1 a4 15. bxa4 Qb8 16. Nb3 Rxa4 17. Bd4 {0-1 (40) Grycel,K (2317)-Deviatkin,A (2530) Pardubice 2006}) 9... Bg6 10. e4 {e5 is the strong threat.} e5 11. Nh4 {The position is equal.} Qc7 $146 ({Predecessor:} 11... Bh5 12. exd5 cxd5 13. Nf5 Bc5 14. Nf3 Re8 15. Qd2 Qb6 16. N3h4 h6 {½-½ (30) Larsen,N (1947)-Heiermann,L (1988) ICCF email 2015}) 12. Nxg6 hxg6 13. h4 Rfe8 14. Nf3 a5 {[%cal Ba7a5,Ba5a4][%mdl 32]} 15. Ng5 a4 16. Bf3 Nf8 17. Kg2 Ne6 18. Bd1 dxe4 19. dxe4 b5 20. Nxe6 Rxe6 21. Rh1 Qe7 22. a3 Qb7 23. Qe3 Bc7 {[%cal Bd6c7,Bc7b6,Bb6d4][%mdl 32]} 24. Bf3 Bb6 25. Qe2 Bd4 26. c3 Bb6 27. b4 $1 Rd8 28. Rad1 Ne8 (28... Red6 $14) 29. Bc1 (29. Rxd8 $16 Bxd8 30. Bg4) 29... Nd6 $2 (29... Rxd1 $11 {and Black is okay.} 30. Rxd1 Nd6) 30. h5 $18 Nc4 {[#]} 31. Rxd8+ (31. Bg4 $1 $18 Rxd1 32. Rxd1) 31... Bxd8 $16 32. h6 ({White should try} 32. hxg6 $16 {aiming for Bg4.} fxg6 33. Rd1) 32... gxh6 $11 33. Rxh6 Bf6 34. Rh1 Qe7 35. Qa2 Bg5 (35... Rd6 $5 {[%cal Rf6g5]}) 36. Be2 Nb6 37. c4 Bxc1 38. Rxc1 bxc4 39. Bxc4 Rd6 40. Rc3 (40. Be2 $16) 40... Rd4 (40... Nxc4 $11 {remains equal.} 41. Qxc4 Qa7) 41. Bd3 Rd6 42. Bc4 (42. Qc2 $16) 42... Re6 $2 {[%mdl 8192]} (42... Rd4 $11) 43. Rc1 $2 (43. Bxe6 $18 Qxe6 44. Qxe6 fxe6 45. Rxc6) 43... Rd6 $1 $16 {[#]} 44. Rh1 {[%mdl 32768] Precision: White = 34%, Black = 20%. . Loss on Time!?} ({White should play} 44. Be2 $1 $16) 1-0

[Event "Karnataka State Open-ch 2018"]
[Site "Bengaluru"]
[Date "2018.04.17"]
[Round "7"]
[White "Kulkarni, Vinayak"]
[Black "Sameer, Ghotane"]
[Result "1/2-1/2"]
[WhiteElo "2179"]
[BlackElo "1881"]
[Annotator "TA"]
[PlyCount "143"]
[EventDate "2018.??.??"]
[EventType "swiss"]
[EventCountry "IND"]
[SourceTitle "playchess.com"]
[Source "ChessBase"]
[SourceQuality "1"]

{[%evp 25,143,25,25,18,21,20,37,0,11,10,24,27,30,30,30,35,40,30,87,75,93,39,37,33,31,42,35,36,65,60,93,35,44,0,94,0,0,0,56,29,74,81,81,81,70,74,76,82,76,69,69,69,76,66,79,0,74,77,261,257,261,73,435,293,397,0,0,0,0,0,0,0,0,0,0,0,0,0,0,0,0,0,8,0,0,0,0,0,0,0,0,0,0,0,0,-5,0,-8,-8,-8,-8,-8,-8,-8,-8,-8,-8,-8,-8,-8,-8,-8,-8,-8,-8,-8,-8,-8,-8,-8]} 1. Nf3 d5 2. g3 c6 3. Bg2 Bg4 4. O-O Nd7 5. d4 e6 6. Re1 Ngf6 7. Nbd2 Be7 8. e4 dxe4 9. Nxe4 Nxe4 10. Rxe4 Nf6 11. Re1 O-O 12. c3 Qb6 13. Qb3 {D02: 1 d4 d5 2 Nf3 sidelines, including 2...Nf6 3 g3 and 2...Nf6 3 Bf4} h6 {[#] LiveBook: 19 Games} 14. Nh4 $146 ({Predecessor:} 14. Ne5 Bf5 15. Nc4 Qa6 16. Bf1 b5 17. Ne5 Qb7 18. Bg2 Rac8 19. a4 a6 20. axb5 axb5 {1-0 (46) Ju,W (2567)-Ushenina,A (2416) Huaian 2017}) 14... Rfd8 15. h3 Bh5 16. Re5 Qxb3 17. axb3 Bd1 18. b4 Nd5 {[#]} 19. Bxh6 $1 {[%mdl 512]} gxh6 20. Rxd1 Bxh4 21. gxh4 a6 (21... a5 $1 $11 {remains equal.}) 22. Kh2 $16 Kg7 23. Bxd5 (23. Be4 $16) 23... Rxd5 $14 24. Rxd5 exd5 $16 {[%mdl 4096] Endgame KR-KR} 25. Re1 Kf6 26. Kg3 Rg8+ 27. Kf3 Rd8 28. Re3 ({White should play} 28. Kg4 $16) 28... Rg8 $14 29. Re1 Rd8 $1 30. b3 (30. Kg4 $16) 30... Rg8 $11 31. Kf4 Rd8 (31... Rg2 $1 $11) 32. Re5 Ra8 33. Rf5+ Ke6 34. Rh5 $1 {[%cal Rh5h6]} Rh8 35. Re5+ Kf6 36. c4 Rd8 {...dxc4 would now be nice for Black.} 37. Ke3 $1 Rd6 38. f4 Rd8 39. Kd3 b6 40. b5 (40. Kc3 $16) 40... axb5 (40... dxc4+ $1 $11 41. bxc4 axb5) 41. cxb5 $16 c5 $2 (41... cxb5 $16 42. Kc3 Rg8) 42. dxc5 $18 bxc5 {[#]} 43. b6 $2 (43. b4 $1 $18 {[%cal Rb4c5][%mdl 512] and the rest is easy.} cxb4 44. Kd4) 43... Rd7 $2 {[%mdl 8192]} (43... Rd6 $16) 44. Kc3 Kg6 45. b7 $2 (45. b4 $18 cxb4+ 46. Kxb4) 45... d4+ $11 {The position is equal.} 46. Kc4 Rxb7 47. Rxc5 Rd7 $1 48. Kd3 {aiming for b4.} Rb7 49. Kc4 {b4 is the strong threat.} Rd7 $1 {Threatens to win with ...d3.} 50. h5+ Kf6 {White must now prevent ...d3.} 51. Kd3 Rb7 52. Kc4 Rd7 $1 {Strongly threatening ...d3.} 53. Kd3 Rb7 54. Kxd4 {Hoping for Kc4.} Rxb3 55. Rc6+ Kf5 56. Rxh6 Rxh3 57. Rh7 f6 58. Rh6 Rf3 59. Rh8 Rxf4+ 60. Ke3 Rh4 61. h6 Rh3+ 62. Kf2 Kg6 63. Rg8+ Kh7 64. Ra8 Rxh6 65. Kf3 Kg6 66. Kg4 Rh1 67. Ra5 f5+ 68. Kg3 Rh8 69. Ra7 Rb8 70. Kf4 Rb4+ 71. Kf3 Kf6 72. Ra8 {Precision: White = 51%, Black = 53%.} 1/2-1/2

[Event "Karnataka State Open-ch 2018"]
[Site "Bengaluru"]
[Date "2018.04.17"]
[Round "7"]
[White "Arvind, Shastry"]
[Black "Girish, A. Koushik"]
[Result "1/2-1/2"]
[WhiteElo "2175"]
[BlackElo "2401"]
[Annotator "TA"]
[PlyCount "127"]
[EventDate "2018.??.??"]
[EventType "swiss"]
[EventCountry "IND"]
[SourceTitle "playchess.com"]
[Source "ChessBase"]
[SourceQuality "1"]

{[%evp 31,127,-22,-18,-34,-20,-27,-21,-30,0,-15,-18,-16,-6,-6,-5,-14,-4,-4,0,0,0,-9,0,0,0,0,0,0,0,0,0,0,0,0,0,-3,0,-14,-14,-14,-14,-15,-15,-15,-15,-15,-15,-15,-14,-15,-14,-37,-8,-8,-8,-8,-8,-8,0,-145,-146,-133,-120,-340,-333,-256,-67,-74,-78,-114,-88,-70,-28,-28,-8,-8,-8,-8,-8,-8,-8,-8,-8,-8,-8,-8,0,0,0,0,0,0,0,0,0,0,0,0]} 1. d4 Nf6 2. Nf3 e6 3. c4 d5 4. Nc3 c6 5. cxd5 exd5 6. Bg5 Be7 7. Qc2 g6 8. Bxf6 Bxf6 9. e4 dxe4 10. Qxe4+ Qe7 11. Bc4 Bf5 12. Qxe7+ {D36: Queen's Gambit Declined: Exchange Variation: Main line (5 Bg5 c6 6 Qc2)} Kxe7 13. O-O-O Rd8 (13... Nd7 14. h4 Nb6 15. Bb3 Rhd8 16. Rhe1+ Kf8 17. Ng5 Bxd4 18. Nxf7 Rd7 19. Ne5 Bxe5 20. Rxe5 Rxd1+ 21. Nxd1 {½-½ (50) Dudukin,I (2396)-Onischuk,A (2681) chess.com INT 2018}) 14. Rhe1+ Kf8 15. Ne4 Bxe4 16. Rxe4 Nd7 {LiveBook: 3 Games} 17. Bb3 $146 ({Find the theoretical novelty and annotate with similar games:} 17. Rf4 Kg7 18. g4 Rf8 19. Re1 Nb6 {0-1 (58) Jacimovic,D (2429)-Glavinac,G (2178) Struga 2013}) 17... Nb6 18. g4 {Hoping for Rf4.} Nd5 19. h4 Re8 20. Rde1 Rxe4 21. Rxe4 Re8 22. Rxe8+ Kxe8 $11 {[%mdl 4096] Endgame KBN-KBN} 23. Kd2 Ke7 24. Kd3 Nc7 25. h5 gxh5 26. gxh5 h6 27. Ne5 Ne6 28. Ke4 Bxe5 29. Kxe5 {With the idea Bxe6. KB-KN} f6+ 30. Ke4 Ng7 31. Bd1 Ke6 32. Bb3+ Kd6 33. Bd1 f5+ 34. Ke3 Ke7 35. f4 Ne8 36. Bf3 Kd6 37. Bd1 Nf6 38. Bc2 Nd5+ 39. Kf3 Ne7 40. Bb3 a5 41. a3 b5 42. Ke3 Nc8 43. Bc2 Ke6 44. Bb3+ Ke7 45. a4 {[#]} (45. Bg8 $11) 45... Nb6 $1 $17 46. axb5 cxb5 47. d5 $2 (47. Kd2 $17 {keeps fighting.}) 47... a4 $19 48. Bc2 Kd6 $2 ({Less strong is} 48... Nxd5+ 49. Kd4 $17) ({Better is} 48... Nc4+ $19 49. Kd4 Nxb2 50. Bxf5 Kd6) 49. Kd4 $1 $15 Nxd5 50. Bxf5 Nxf4 51. Bg4 Nd5 (51... Kc6 $5 {[%cal Rc6d6]} 52. Bf3+ Kb6 $17) 52. Be2 b4 53. Kc4 {The position is equal.} a3 54. bxa3 bxa3 55. Kb3 {[#]} a2 $1 {[%mdl 512]} 56. Kb2 (56. Kxa2 Nc3+) 56... Nb4 57. Bc4 Ke7 58. Bxa2 Nxa2 59. Kxa2 $11 {KP-KP} Kf6 60. Kb2 Kg5 61. Kc2 Kxh5 62. Kd2 Kg4 63. Ke2 Kg3 {( -> ...Kg2)} 64. Kf1 {Precision: White = 71%, Black = 63%.} 1/2-1/2

[Event "Karnataka State Open-ch 2018"]
[Site "Bengaluru"]
[Date "2018.04.17"]
[Round "7"]
[White "Jagadish, V."]
[Black "Patrick P Johnson"]
[Result "1-0"]
[WhiteElo "2157"]
[BlackElo "1436"]
[Annotator "TA"]
[PlyCount "69"]
[EventDate "2018.??.??"]
[EventType "swiss"]
[EventCountry "IND"]
[SourceTitle "playchess.com"]
[Source "ChessBase"]
[SourceQuality "1"]

{[%evp 14,68,41,27,105,33,32,27,63,46,60,54,105,104,108,125,147,112,151,136,384,315,473,481,479,483,456,473,576,560,844,687,685,671,681,687,678,674,717,717,702,599,644,630,916,877,915,900,1227,916,29993,29994,29996,29997,29997,29998,29999]} 1. e4 e5 2. Nf3 Nf6 3. Nxe5 d6 4. Nf3 Nxe4 5. d4 d5 6. c4 Be7 7. Bd3 Bf5 8. O-O {LiveBook: 25 Games} O-O {[#] C42: Petroff Defence: 3 Nxe5 and unusual White 3rd moves} (8... dxc4 $11 {keeps the balance.} 9. Bxc4 Nc6) (8... dxc4 9. Bxc4 O-O 10. Nc3 Nc6 11. Re1 Nxc3 12. bxc3 Bd6 13. Ng5 h6 14. Qf3 Qd7 15. Ne4 Rae8 16. Bd2 {0-1 (30) Navara,D (2740)-Wei,Y (2743) Yancheng 2018}) 9. Qc2 ({White should try} 9. cxd5 $1 $16 Bf6 10. Qb3) 9... Nc6 {...Nb4 is the strong threat.} 10. a3 $1 {Black must now prevent Re1.} Bg6 {White has an edge.} 11. cxd5 Qxd5 12. Re1 $146 {[%cal Rd3e4]} Ng5 {[#]} (12... Nf6 $14) 13. Bxg5 $1 $16 Bxg5 14. Nc3 $36 {[%mdl 2048] White is in control.} Qd8 15. d5 {[%cal Bd4d5,Bd5d6][%mdl 32]} Nb8 16. Bxg6 fxg6 $2 (16... hxg6 $16 17. Qb3 Bf6) 17. Qb3 {Hoping for d6+.} Na6 (17... Bf4 $142 18. d6+ (18. Qxb7 Nd7 $16) 18... Kh8 19. Qxb7 Nd7 20. dxc7 Bxc7) 18. d6+ $18 Kh8 19. Qxb7 Nc5 20. Qd5 Rf5 21. Re5 Qg8 22. Rxf5 gxf5 23. Nxg5 {Intending Nf7+ and mate.} Qxd5 24. Nxd5 cxd6 25. b4 Na4 26. Re1 h6 27. Nf3 Rc8 28. g3 Rc2 29. Re7 Rc1+ 30. Kg2 Rd1 31. Nf4 Ra1 32. Nh4 {White mates.} g5 33. Nhg6+ Kg8 34. Ne6 {[%csl Ge6][%cal Re7g7]} Rxa3 35. Rg7# {Precision: White = 85%, Black = 16%.} 1-0

[Event "Karnataka State Open-ch 2018"]
[Site "Bengaluru"]
[Date "2018.04.17"]
[Round "7"]
[White "Hegde, Ravi Gopal"]
[Black "Karthik, H S"]
[Result "1/2-1/2"]
[WhiteElo "2139"]
[BlackElo "1897"]
[Annotator "NA"]
[PlyCount "96"]
[EventDate "2018.??.??"]
[EventType "swiss"]
[EventCountry "IND"]
[SourceTitle "playchess.com"]
[Source "ChessBase"]
[SourceQuality "1"]
[TimeControl "5400+30"]

{[%evp 32,91,8,0,0,0,0,0,0,0,-3,-18,-5,0,-7,0,0,0,0,0,0,0,0,0,0,0,-2,0,0,0,1,0,0,0,0,10,0,0,0,0,0,0,0,0,0,0,0,0,0,0,0,0,14,0,0,0,32767,32767,32767,32767,0,0]} 1. e4 {[%emt 0:00:00]} c5 {[%emt 0:00:07]} 2. c3 {[%emt 0:00:00]} d5 {[%emt 0:00:12]} 3. exd5 {[%emt 0:00:00]} Qxd5 {[%emt 0:00:14]} 4. d4 {[%emt 0:00:00]} Nf6 {[%emt 0:00:37]} 5. Nf3 {[%emt 0:00:07]} Bg4 {[%emt 0:00:26]} 6. Be2 {[%emt 0:00:10]} e6 {[%emt 0:00:30]} 7. h3 {[%emt 0:00:24]} Bh5 {[%emt 0:00:14]} 8. O-O {[%emt 0:00:12]} Nc6 {[%emt 0:01:01]} 9. Be3 {[%emt 0:00:11]} cxd4 {[%emt 0:00:12]} 10. cxd4 {[%emt 0:00:08]} Be7 {[%emt 0:00:55]} 11. Nc3 {[%emt 0:00:10]} Qa5 {[%emt 0:00:31]} 12. Qb3 {[%emt 0:02:02] B22: Sicilian: 2 c3} Qb4 {[%emt 0:00:20]} 13. Qxb4 {[%emt 0:00:15]} (13. Rfd1 Rd8 14. g4 Bg6 15. Ne5 {½-½ (15) Potkin,V (2606)-Motylev,A (2705) Rijeka 2010}) 13... Nxb4 {[%emt 0:00:23]} 14. g4 {[%emt 0:03:12]} Bg6 {[%emt 0:00:14]} 15. Ne5 {[%emt 0:00:07]} O-O {[%emt 0:05:39]} 16. Bf3 $146 {[%emt 0:02:49]} ({Predecessor:} 16. h4 Nfd5 17. h5 Bc2 18. a3 Nxe3 19. fxe3 Nd5 20. Nxd5 exd5 21. Rac1 Rac8 {½-½ (89) Sedina,E (2337)-Nikolova,A (2268) Germany 2011}) 16... Nfd5 {[%emt 0:10:37]} 17. Nxd5 {[%emt 0:09:25]} Nxd5 {[%emt 0:00:17]} 18. Rfc1 {[%emt 0:01:22]} Rac8 {[%emt 0:03:04]} 19. Nxg6 {[%emt 0:06:07]} hxg6 {[%emt 0:01:11]} 20. Kg2 {[%emt 0:00:25]} g5 {[%emt 0:08:59]} 21. a3 {[%emt 0:01:36]} b6 {[%emt 0:01:42]} 22. Be4 {[%emt 0:02:46]} g6 {[%emt 0:02:16]} 23. Kf3 {[%emt 0:03:19]} Kg7 {[%emt 0:02:21]} 24. Rxc8 {[%emt 0:02:31]} Rxc8 {[%emt 0:00:57]} 25. Rc1 {[%emt 0:00:14]} Rxc1 {[%emt 0:00:47]} 26. Bxc1 {[%emt 0:00:02]} Kf6 {[%emt 0:04:12]} 27. Bd2 {[%emt 0:01:01]} Bd6 {[%emt 0:01:05]} 28. Bxd5 {[%emt 0:01:44]} exd5 {[%emt 0:00:42]} 29. a4 {[%emt 0:00:07]} Be7 {[%emt 0:02:04]} 30. b4 {[%emt 0:00:34]} Ke6 {[%emt 0:01:31]} 31. b5 {[%emt 0:00:12]} f5 {[%emt 0:04:37]} 32. Ke2 {[%emt 0:00:28]} f4 {[%emt 0:01:46]} 33. Kd3 {[%emt 0:00:59]} Bd8 {[%emt 0:03:44]} 34. Bc3 {[%emt 0:00:41]} Kd6 {[%emt 0:00:36]} 35. Bb4+ {[%emt 0:00:43]} Ke6 {[%emt 0:00:18]} 36. Bd2 {[%emt 0:07:45]} Bc7 {[%emt 0:01:04]} 37. Ke2 {[%emt 0:00:14]} Kf6 {[%emt 0:01:12]} 38. Bb4 {[%emt 0:01:36]} Ke6 {[%emt 0:00:36]} 39. Kf3 {[%emt 0:00:38]} Bd6 {[%emt 0:01:35]} 40. Bd2 {[%emt 0:07:58]} Bc7 {[%emt 0:00:55]} 41. Kg2 {[%emt 0:01:00]} Kf6 {[%emt 0:00:59]} 42. Be1 {[%emt 0:01:57]} Ke6 {[%emt 0:01:08]} 43. f3 {[%emt 0:00:39]} Bd8 {[%emt 0:00:45]} 44. Kf1 {[%emt 0:00:12]} Kd6 {[%emt 0:00:52]} 45. Ke2 {[%emt 0:00:23]} Ke6 {[%emt 0:00:45]} 46. Kd3 $11 {[%emt 0:00:10]} Kd6 {[%emt 0:00:37]} 47. Bb4+ {[%emt 0:00:27]} Ke6 {[%emt 0:00:34]} 48. Bf8 {[%emt 0:01:28]} Be7 1/2-1/2